NBA Most Career 3-Pointers - Statistics

General Stats
  • This quiz has been taken 90 times
  • The average score is 18 of 30
Answer Stats
Team 3 Pointers Player % Correct
Warriors 3747 Stephen Curry
100%
Blazers 2607 Damian Lillard
96%
Cavs 2410 LeBron James
96%
Rockets 2940 James Harden
95%
Warriors 2481 Klay Thompson
93%
Bucks 2973 Ray Allen
92%
Pacers 2560 Reggie Miller
91%
Thunder 2031 Kevin Durant
84%
Mavericks 1982 Dirk Nowitzki
83%
Raptors 2176 Kyle Lowry
72%
Cavs 1732 Kyrie Irving
70%
Pacers 2253 Paul George
70%
Celtics 2143 Paul Pierce
70%
Nets 1988 Jason Kidd
66%
Hawks 2450 Kyle Korver
64%
Blazers 1818 CJ McCollum
63%
Nets 2290 Vince Carter
57%
Lakers 1827 Kobe Bryant
49%
Grizzlies 1803 Mike Conley
42%
Mavericks 2282 Jason Terry
42%
Rockets 2028 Eric Gordon
38%
Clippers 2221 Jamal Crawford
37%
Clippers 1950 JJ Redick
37%
Pistons 1830 Chauncey Billups
36%
Kings 1924 Buddy Hield
33%
Kings 1760 Peja Stojakovic
32%
Nuggets 1930 JR Smith
29%
Hawks 1978 Joe Johnson
28%
Blazers 1845 Wesley Matthews
11%
Sonics 1787 Rashard Lewis
11%
No matching quizzes found
Score Distribution
Percent of People with Each Score
Percentile by Number Answered
Your Score History
You have not taken this quiz